00756nam a2200229 a 450000100100000000500170001000800410002704000250006804100390009308200170013210000220014924000360017124500710020726000550027830000210033350500450035453400450039950500100044465000200045465000240047470000280049800002128320200930011303.0100903s1968 sp 000 0 spa d aDO-SdBNPbspacBNPHU17aspahita2Código de idiomas MARC a853.8bP217j1 aPapini, Giovanni.10aGiudizio universale.lEspañol10aJuicio universal /cGiovanni Papini ; traducción Isidoro Martin. aBarcelona, (España) :bEditorial Planeta,c1968. a450 p. ;c19 cm.0 aLa biblioteca sólo posee el volumen 2. aTítulo original :tGiudizio universale0 gv. 2. 4aNovela italiana 4aLiteratura italiana1 aMartín, Isidoro,etr.